Ropa za potraviny
Humanitárna kríza v Iraku v polovici 90. rokov. Charakteristika programu Ropa za potraviny. Úvahy o alternatívach vylepšenia programu.
Gespeichert in:
| 1. Verfasser: | |
|---|---|
| Format: | Buchkapitel |
| Sprache: | Slowakisch |
| Schlagworte: | |
| Tags: |
Keine Tags, Fügen Sie das erste Tag hinzu!
|
MARC
| LEADER | 00000nla$a2200000$$$4500 | ||
|---|---|---|---|
| 001 | 0060290 | ||
| 005 | 20240502071651.0 | ||
| 041 | 0 | |a slo | |
| 044 | |a SK | ||
| 245 | 1 | 0 | |a Ropa za potraviny |c Valéria Svobodová |
| 520 | |a Humanitárna kríza v Iraku v polovici 90. rokov. Charakteristika programu Ropa za potraviny. Úvahy o alternatívach vylepšenia programu. | ||
| 610 | 2 | 0 | |a ropa |
| 610 | 2 | 0 | |a potraviny |
| 610 | 2 | 0 | |a programy rozvojové |
| 610 | 2 | 0 | |a Irak |
| 100 | 1 | |a Svobodová, Valéria | |